000 00524nam a2200181 a 4500
005 20140310183203.0
008 041207s19uu xx 00 eng d
020 _a0380710811
050 _aPR 9619.3
_b.M32 1991
100 _aMcCullough, Colleen
245 _aThe first man in Rome/.
_cColleen McCullough
260 _aNew York ;
_bAvon Books,
_c1991.
300 _a1076 p. :
_c17 cm.
650 _aMarius, Gaius, ca. 157-86 B.C.
_xFiction.
650 _aStatesmen
_xRome
_xFiction.
942 _cBK
_2lcc
999 _c19926
_d19926